000 00530nam a2200181Ia 4500
005 20250423095020.0
008 250422s9999 xx 000 0 und d
020 _a9781439892756
050 _aTJ 153 .R53/
100 _aRichards, Keith L.
245 0 _aDesign engineer’s handbook
260 _aUnited State
260 _bCRC press Taylor & Francis group
260 _c2013
300 _a358 p
650 _a Mechanical engineering--Problems, exercises, etc. Machine design--Problems, exercises, etc.
942 _cBK
999 _c28980
_d28980